000
00326 a2200157 4500
001
65487
020
_a
9788589978088
040
_c
Anchieta - Pituba
100
_a
Kaz, Leonel
240
1
0
_a
O morro e o asfalto
_l
por
245
1
0
_a
O morro e o asfalto
300
_a
204
362
0
_a
2009
650
4
_a
Música
942
_c
BK
999
_c
65487
_d
65487